000 00541nam a2200193Ia 4500
005 20250508162321.0
008 008 250505s9999 xx 000 0 hin d
037 _aTextual
040 _aFEDL
_beng
_cFEDL
041 _ahin
_2eng
084 _a181.4, UDA
_qFEDL
100 _aUdayveer Shastri
_9772839
245 0 _aSankhiya siddhant
260 _aGhaziabad, India
_bShri Swami Vigyanand Sarswati
300 _a536p.
650 _aOriental Philosophy
_9755543
942 _cTEXL
_h181.4, UDA
999 _c1375804
_d1375804